The stock market

Αποθηκεύτηκε σε:
Λεπτομέρειες βιβλιογραφικής εγγραφής
Κύριος συγγραφέας: Teweles, Richard Jack, 1924-
Άλλοι συγγραφείς: Bradley, Edward S.
Μορφή: Βιβλίο
Γλώσσα:English
Δημοσίευση: New York : Wiley, c1998
Έκδοση:7th ed.
Θέματα:
Ετικέτες: Προσθήκη ετικέτας
Δεν υπάρχουν, Καταχωρήστε ετικέτα πρώτοι!

MARC

LEADER 00000cam a2200000 i 4500
001 1/7983
008 000625s1998 eng d
020 |a 0-471-19134-5 
035 |l 10062505 
040 |a GR-MY-UA  |b gre  |e aacr 
041 0 |a eng 
082 0 |a 332.632 
100 1 |a Teweles, Richard Jack,   |d 1924- 
245 1 4 |a The stock market /  |c Richard J. Teweles, Edward S. Bradley 
250 |a 7th ed. 
260 |a New York :   |b Wiley,   |c c1998 
300 |a viii, 568 p.;  |c 24 cm. 
504 |a Includes index 
650 0 0 |a Stock exchanges. 
700 1 |a Bradley, Edward S. 
852 |a INST  |b CHIOS  |e 20000625  |h 332.632 TEW  |p 005200018013  |q 005200018013  |t BK  |y 0 
901 |a BIBL2-2000-2 
909 |a Χ  |b 075790 
970 |z 2000/06/ΜΠΡΑΤΤΗΣ